Wszystkie bramki Neymara w Lidze Mistrzów - Statystyki

Ogólne statystyki
  • Ten quiz został rozwiązany 167 razy
    131 od ostatniego zresetowania
  • Średni wynik to 6 z 17
Statystyki odpowiedzi
Ilość bramek Klub % Poprawnych
7 bramek Paris Saint-Germain
88%
1 bramka Juventus FC
71%
1 bramka Manchester City
67%
4 bramki Bayern Monachium
63%
1 bramka FC Liverpool
60%
2 bramki Manchester United
58%
1 bramka FC Arsenal
53%
1 bramka Atletico Madryt
48%
2 bramki Borussia Dortmund
45%
1 bramka Ajax Amsterdam
21%
1 bramka RB Lipsk
16%
7 bramek Celtic Glasgow
15%
1 bramka Galatasaray SK
11%
2 bramki RSC Anderlecht
9%
2 bramki BATE Borysów
7%
3 bramki Basaksehir
6%
4 bramki Crvena Zvezda Belgrad
5%
Nie znaleziono quizów pasujących do podanych kryteriów
Rozkład punktacji
Procent ludzi z każdym wynikiem
Percentyl według liczby udzielonych odpowiedzi
Twoja historia wyników
Nie rozwiązałeś tego quizu od ostatniego zresetowania